000 00295nam a22001337a 4500
008 181106b xxu||||| |||| 00| 0 eng d
020 _a876041756
041 _aeng
080 _a611
100 _a6
101 _aANA
245 _aPhysician's Reference Notebook
_cGarey,W.A
942 _2udc
_cBK
999 _c52002
_d52002